| 000 | 01477nam a2200373 c 4500 | ||
|---|---|---|---|
| 001 | 18532 | ||
| 003 | ES-MaCES | ||
| 005 | 20141221122541.0 | ||
| 008 | 060228s2005 sp t 100 | spa d | ||
| 017 |
_aM 32230-2005 _bDL |
||
| 020 | _a8493398756 | ||
| 035 | _aCES20060001663m | ||
| 040 |
_aES-MaCES _bspa _cES-MaCES |
||
| 111 | 2 |
_aCiclo de Conferencias "Los medios de Comunicación ante la España Actual" _d2004-2005 _cMadrid _9963 |
|
| 245 | 1 | 4 |
_aLos medios de comunicación social ante la España actual _b: colección de debates en el Fórum Europa 2004-2005 _c[recoge las ponencias y coloquios del Ciclo "Los medios de Comunicación ante la España Actual", celebrados en Fórum Europa (plataforma de debate de) Nueva Economía Fórum, durante el curso 2004-2005] |
| 260 |
_aMadrid _bNueva Economía Fórum _c[2005] |
||
| 300 |
_a273 p. _c25 cm |
||
| 500 | _aEdición con la colaboración de Caixa Galicia | ||
| 541 | _cGratuito | ||
| 650 | 4 |
_amedios de comunicación de masas _927878 |
|
| 650 | 4 |
_atelevisión _927887 |
|
| 650 | 4 |
_aprensa _927880 |
|
| 650 | 4 |
_amedio audiovisual _927479 |
|
| 650 | 4 |
_aEspaña _926964 |
|
| 650 | 4 |
_a2004-2005 _931718 |
|
| 650 | 4 |
_atendencia _928907 |
|
| 650 | 4 |
_aconferencia _927013 |
|
| 653 | 1 | 0 | _aTransporte-Comunicaciones |
| 710 | 2 |
_aFundación Caixa Galicia _ecol _93769 |
|
| 710 | 2 |
_aNueva Economía Fórum _94636 |
|
| 902 | _aLIB Libro | ||
| 942 |
_2CES _cBK _h5.2. |
||
| 999 |
_c18532 _d18532 |
||